000 00622nam a2200217Ii 4500
003 JO-AjNU
008 230606s9999||||xx |||||||||||||| ||und||
020 _a978-93-329-0255-8/93-329-0255-0
040 _aJO-AjNU
_beng
_erda
_cJO-AjNU
041 _aeng
050 1 4 _aTA654.B5.2014
100 3 _aBiggs, john,
_eauthor
_94365
245 0 0 _aIntrodction to Struural Dynamics
250 _a1 ed
264 3 1 _aLondon:Mcgraw hill,2011
300 _a333p
336 _atext
_btxt
_2rdacontent
337 _aunmediated
_bn
_2rdamedia
338 _avolume
_bnc
_2rdacarrier
650 4 _aIntrodction to Struural Dynamics
_94366
999 _aE2268
_c2266
_d2266